[Event "HCL-C4094"]
[Site "www.playchess.de"]
[Date "2006.01.20"]
[Round "5"]
[White "nichju"]
[Black "Henri"]
[WhiteElo "999"]
[BlackElo "824"]
[PlyCount "75"]
[Result "1-0"]

1.e4 {Bon nuit}  e5 {Bonjour et Bonne partie}  
2.Nf3 Nc6 3.Bc4 d6 4.c3 Bg4 5.d4 exd4 6.cxd4 Nf6 
7.Bf4 Nxe4 8.O-O Be7 9.h3 Bf5 10.d5 Na5 11.Qa4+ c6 
12.dxc6 Nxc6 13.Nc3 O-O 14.Bd5 Nc5 15.Qb5 a6 
16.Qc4 Na5 17.Qd4 Bf6 18.Qd2 Bg6 19.g4 Qe8 20.Bxd6 
Be7 21.Bc7 Nc6 22.b4 Qc8 23.bxc5 Qxc7 24.Rae1 Bxc5 
25.Ne4 Bb6 26.Neg5 h6 27.Ne4 Ne7 28.h4 h5 29.g5 
Nxd5 30.Qxd5 Bxe4 31.Qxe4 Qg3+ 32.Kh1 Bxf2 33.g6 
Rae8 34.gxf7+ Rxf7 35.Qxe8+ Rf8 36.Qe6+ Rf7 
37.Qc8+ Kh7 38.Ng5+ 1-0

[Event "HCL-B3592"]
[Site "www.playchess.de"]
[Date "2006.01.20"]
[Round "2"]
[White "sonnyspock"]
[Black "tonhao"]
[WhiteElo "1174"]
[BlackElo "1200"]
[PlyCount "120"]
[Result "1-0"]

1.e4 e6 2.Nf3 d5 3.e5 c5 4.d4 Nc6 5.b4 cxb4 6.a3 
f6 7.Bb5 Bd7 8.exf6 Nxf6 9.Bg5 Be7 10.O-O O-O 
11.Bxc6 Bxc6 12.Nbd2 h6 13.Bh4 Nh5 14.Bxe7 Qxe7 
15.Ne5 Qh4 16.Ndf3 Qf4 17.Nxc6 bxc6 18.axb4 Qg4 
19.h3 Qf4 20.Ne5 Qg5 21.Nxc6 Nf4 22.Qg4 Qf6 
23.Rxa7 h5 24.Ne7+ Qxe7 25.Rxe7 hxg4 26.hxg4 Ne2+ 
27.Kh2 Nf4 28.g3 Ng6 29.Rxe6 Rf6 30.Rxf6 gxf6 
31.f4 Kg7 32.f5 Ne7 33.b5 Rh8+ 34.Kg2 Rb8 35.Rb1 
Nc6 36.Rb4 Na7 37.b6 Nc6 38.Rb5 Nxd4 39.Rb2 Ne2 
40.c4 Nc1 41.cxd5 Nd3 42.Rb3 Ne1+ 43.Kf1 Nc2 44.d6 
Na1 45.Rb1 Nc2 46.d7 Ne3+ 47.Ke2 Nxg4 48.b7 Ne5 
49.d8Q Rxd8 50.b8Q Rxb8 51.Rxb8 Kh6 52.Kf2 Kg5 
53.Rb5 Nd3+ 54.Kf3 Ne5+ 55.Rxe5 fxe5 56.Ke4 Kf6 
57.g4 Kg5 58.Kxe5 Kxg4 59.f6 Kg5 60.f7 
Kh4 1-0

[Event "HCL-C3989"]
[Site "www.playchess.de"]
[Date "2006.01.20"]
[Round "3"]
[White "Demwon"]
[Black "Stronghbr"]
[WhiteElo "800"]
[BlackElo "800"]
[PlyCount "24"]
[Result "0-1"]

1.e4 e6 2.Nc3 b6 3.d4 d6 4.Nf3 Be7 5.Bd3 c5 6.Be3 
a6 7.a4 Bb7 8.b3 Nf6 9.h4 Ng4 10.Bf4 O-O 11.e5 
cxd4 12.Nxd4 Nxe5 0-1

[Event "HCL-E1530"]
[Site "www.playchess.de"]
[Date "2006.01.20"]
[Round "15"]
[White "Tarrega"]
[Black "XANDERKIRV"]
[WhiteElo "1559"]
[BlackElo "1519"]
[PlyCount "66"]
[Result "1/2-1/2"]

1.e4 c5 2.Nf3 e6 3.d4 cxd4 4.Nxd4 a6 5.c4 Nf6 
6.Nc3 Qc7 7.Be2 b6 8.O-O Bb7 9.f3 Be7 10.Be3 O-O 
11.Qd2 Nc6 12.Rad1 Rfd8 13.Nxc6 dxc6 14.Qc2 Rxd1 
15.Rxd1 Rd8 16.a3 Rxd1+ 17.Qxd1 Qd8 18.Qxd8+ Bxd8 
19.Na4 b5 20.cxb5 cxb5 21.Nc5 Bc8 22.g4 Nd7 
23.Nxd7 Bxd7 24.Bc5 h6 25.Kf2 g5 26.b4 Bf6 27.a4 
bxa4 28.Bxa6 a3 29.Bc4 Bb5 30.Ba2 Kg7 31.Ke3 Be5 
32.Bd4 Kf6 33.Bb3 Ba6 {(offering draw)} 
 1/2-1/2

[Event "HCL-C3989"]
[Site "www.playchess.de"]
[Date "2006.01.20"]
[Round "8"]
[White "Demwon"]
[Black "Skipper_Robert"]
[WhiteElo "800"]
[BlackElo "800"]
[PlyCount "74"]
[Result "0-1"]

1.d4 d5 2.Nc3 Nf6 3.Nf3 Nc6 4.Be3 e6 5.g3 Bb4 
6.Bh3 Bxc3+ 7.bxc3 Ne4 8.Qd3 Qd6 9.Bf4 Qa3 10.Bxc7 
Nxc3 11.Bd6 Qb2 12.Kd2 Nxa2 13.Qb3 Qxb3 14.cxb3 
Nab4 15.Ne5 Nxd4 16.Rab1 b6 17.Bxb4 Ba6 18.Bf1 Rc8 
19.Rc1 Nxb3+ 20.Ke3 Nxc1 21.Bh3 Nxe2 22.Re1 Nc3 
23.Rc1 d4+ 24.Kd2 Ne4+ 25.Kd1 Nxf2+ 26.Kd2 Rxc1 
27.Kxc1 Nxh3 28.Nc6 d3 29.Be7 Bb7 30.Nd8 Kxe7 
31.Nxb7 Rb8 32.Kd2 Rxb7 33.Kxd3 Rd7+ 34.Ke2 e5 
35.Kf3 f5 36.g4 f4 37.Ke4 Ke6 0-1

[Event "ACL-A646"]
[Site "www.playchess.de"]
[Date "2006.01.20"]
[Round "10"]
[White "WolfPlayer"]
[Black "BDG_Girl"]
[WhiteElo "1500"]
[BlackElo "1738"]
[PlyCount "32"]
[Result "0-1"]

1.c4 Nf6 {Hello and good luck!}  2.g3 e6 3.Bg2 d5 
4.b3 dxc4 5.bxc4 Qd4 6.Nc3 Qxc4 7.Nf3 Bd6 8.O-O 
O-O 9.Rb1 Nc6 10.Bb2 e5 11.d3 Qe6 12.Ng5 Qg4 
13.Nge4 Nxe4 14.Nxe4 Be7 15.Qa4 Qxe2 {Merry 
Christmas and may God Bless you and your family!}  
16.Nc3 Qxd3 0-1

[Event "HCL-B3837"]
[Site "www.playchess.de"]
[Date "2006.01.20"]
[Round "6"]
[White "Skipper_Robert"]
[Black "IRONMAIDEN"]
[WhiteElo "1016"]
[BlackElo "1261"]
[PlyCount "86"]
[Result "0-1"]

1.e4 {Hallo}  d5 {Hallo, sag mal wo kommst Du denn 
her?}  2.e5 {Berlin und Du?}  Nc6 
{München-Neuried}  3.d4 Bf5 4.Bd3 Qd7 5.Be3 g6 
6.Nf3 Nh6 7.h3 Bg7 8.Qd2 Bxd3 9.cxd3 Nf5 10.g4 
Nxe3 11.Qxe3 e6 12.Nc3 Nb4 13.O-O-O O-O-O 14.a3 
Na6 15.g5 Kb8 16.h4 Rdc8 17.h5 c5 18.b3 Bf8 19.Rd2 
cxd4 20.Qxd4 Bxa3+ 21.Kd1 Bc5 22.Qf4 Bb6 23.Qf6 
Rhg8 24.Rh4 Qd8 25.Qxf7 Rf8 26.Qxe6 Rxf3 27.hxg6 
hxg6 28.Nxd5 Rxf2 29.Rxf2 Bxf2 30.Rc4 Rxc4 31.bxc4 
Nc5 32.Qxg6 a6 33.Qb6 Qxb6 34.Nxb6 Ne6 35.g6 Bxb6 
{wenn das mal kein Leichtsinn war!}  36.Kc2 {ganz 
so war dass auch nicht geplant!}  Bd4 {vielleicht 
hättest Du diesmal gewonnen, die Bauern waren 
schon sehr weit}  37.Kb3 Bxe5 38.Kc2 Kc7 39.Kd2 
Kc6 40.Ke3 Kc5 41.Ke4 Bg7 42.Kf5 Nf8 43.d4+ 
Kxd4 0-1

[Event "ACL-E205"]
[Site "www.playchess.de"]
[Date "2006.01.20"]
[Round "20"]
[White "ETC_Chess"]
[Black "Mercator"]
[WhiteElo "1907"]
[BlackElo "1859"]
[PlyCount "67"]
[Result "1-0"]

1.Nf3 {Hello again and good luck!}  Nf6 {Thanks 
same wiches for you !}  2.c4 c5 3.g3 d5 4.cxd5 
Nxd5 5.Nc3 Nc6 6.Bg2 Nc7 7.d3 e5 8.Nd2 Bd7 9.O-O 
Be7 10.Nc4 f6 11.f4 b5 12.Ne3 exf4 13.Rxf4 O-O 
14.Ned5 Ne6 15.Rf1 Rb8 16.Nf4 Qc8 17.Be3 Ne5 
18.Rc1 Ng4 19.Bd2 Rd8 20.Ncd5 Bd6 21.b4 c4 22.a4 
a6 23.a5 Nxf4 24.Bxf4 Bxb4 25.Bxb8 Bc6 26.Nxb4 
Bxg2 27.Ba7 Bxf1 28.Qxf1 Ne5 29.Bb6 Rd6 30.Qf4 Re6 
31.Qf5 g6 32.Qf4 Kf7 33.Nd5 Qf8 
34.Nxf6 1-0

[Event "HCL-T258"]
[Site "www.playchess.de"]
[Date "2006.01.20"]
[Round "5"]
[White "stevetilbury"]
[Black "hal1958"]
[WhiteElo "1562"]
[BlackElo "1482"]
[PlyCount "97"]
[Result "1-0"]

1.b4 c6 {have a nice game}  2.e4 Qb6 3.a3 e5 4.Bc4 
Nf6 5.Qe2 d6 6.d3 h6 7.Be3 Qc7 8.h3 b5 9.Bb3 Be7 
10.f4 Nbd7 11.Nf3 O-O 12.Nbd2 a5 13.O-O a4 14.Ba2 
exf4 15.Bxf4 Ne5 16.Nxe5 dxe5 17.Be3 c5 18.bxc5 
Bxc5 19.Bxc5 Qxc5+ 20.Kh1 Bd7 21.Nf3 Qd6 22.d4 Qe7 
23.Nxe5 Be6 24.Bxe6 Qxe6 25.Rf5 Rad8 26.c3 Rdb8 
27.Rb1 Qb6 28.Rxf6 Qxf6 29.Nd7 Qc6 30.Nxb8 Rxb8 
31.Qd3 Kf8 32.Rf1 Qc4 33.Qf3 Rb6 34.e5 Rb8 35.d5 
Qc7 36.e6 f6 37.Qf4 Qxf4 38.Rxf4 Rd8 39.Rd4 Ke7 
40.Kg1 h5 41.Kf2 g5 42.Ke3 f5 43.Kd3 Rc8 44.c4 
bxc4+ 45.Rxc4 Rxc4 46.Kxc4 g4 47.Kd4 Kf6 48.Kd3 h4 
49.Ke3 1-0

[Event "HCL-B3811"]
[Site "www.playchess.de"]
[Date "2006.01.20"]
[Round "9"]
[White "aidogael"]
[Black "djpnola"]
[WhiteElo "1135"]
[BlackElo "1173"]
[PlyCount "42"]
[Result "1/2-1/2"]

1.e4 e5 {Hello}  2.Nf3 Nc6 3.Bc4 Nf6 4.Nc3 Bb4 
5.O-O Bxc3 6.dxc3 d6 7.Ng5 Be6 8.Bxe6 fxe6 9.Nxe6 
Qe7 10.Ng5 O-O-O 11.Be3 b6 12.Nf3 h6 13.c4 Nxe4 
14.Qd3 Nc5 15.Bxc5 dxc5 16.Qf5+ Qd7 17.Qxd7+ Rxd7 
18.Rad1 Rxd1 19.Rxd1 Rd8 20.Rxd8+ Kxd8 21.g4 e4 
{(offering draw)}  1/2-1/2

[Event "HCL-B3837"]
[Site "www.playchess.de"]
[Date "2006.01.20"]
[Round "4"]
[White "PhilipKaveny"]
[Black "IRONMAIDEN"]
[WhiteElo "1353"]
[BlackElo "1261"]
[PlyCount "71"]
[Result "1/2-1/2"]

1.e4 {Hello Iron Maiden}  d5 {Hello again, let`s 
have another nice game. I`ll do my best.}  2.exd5 
{Of course you will}  Qxd5 3.d4 Bf5 4.Nc3 Qd8 
5.Bc4 e6 6.Nf3 Nc6 7.O-O Nf6 8.d5 Na5 9.Bb5+ c6 
10.dxc6 bxc6 11.Qxd8+ Rxd8 12.Ba4 Bb4 13.Ne5 Rc8 
14.Ne2 O-O 15.Nd4 Be4 16.c3 Bd6 17.Bf4 c5 18.Nb5 
{I think you had a better move}  Bxe5 {too 
late...}  19.Bxe5 {I am sorry I don't mean to 
distract you but you play a very dramatic game}  
Bd3 {you see, I took my time.still many 
possibilities for both players}  20.Rfe1 {Yes that 
I thought was your best}  Bxb5 21.Bxb5 Rfd8 
22.Bxf6 gxf6 23.b3 Rd2 24.Red1 Rcd8 25.Rxd2 Rxd2 
26.g3 Nb7 27.Bc6 Nd6 28.Bg2 a5 29.a3 f5 30.b4 
{Good morning "Margret Thatcher" He say still 
smarting from his defeat}  cxb4 {oh, I`m not 
british - we got Angela Merkel here - ugly german 
"woman"
you must have heard of her. got elected by the 
people, they say - german masochism...}  31.axb4 
{:)  What city are you from I am from Eau Claire 
Wisconsin Wisconsin is a very German State and my 
Unversity is German Model}  axb4 {South-Germany 
Munich, Neuried. Neuried is actually almost in 
Munich, only a few yards to go. My ex-wife grew up 
in Michigan, just the other side of the lake}  
32.cxb4 {Why is it chessplayers have ex wives}  
Rb2 {nothin` to do with it. Got 2 of them and one 
for now and the future.}  33.Rd1 {So is the 
present one a future ex wife}  Nb5 {no.}  34.Bc6 
Rxb4 35.Bxb5 Rxb5 {looks awfully balanced}  36.Kg2 
{(offering draw) I would be lucky to get out of 
this with a draw}  1/2-1/2

[Event "HCL-A2529"]
[Site "www.playchess.de"]
[Date "2006.01.20"]
[Round "14"]
[White "HOTSUN"]
[Black "taroak"]
[WhiteElo "1620"]
[BlackElo "1458"]
[PlyCount "53"]
[Result "1-0"]

1.e4 {hi again}  c5 {Howdy}  2.Nf3 {howdy cowboy}  
g6 3.b3 Bg7 4.Nc3 Nc6 5.Bb2 e5 6.Be2 Nge7 7.O-O 
O-O 8.Nd5 d6 9.Bc4 Kh8 10.d3 Be6 11.Bc1 Rb8 12.a3 
b5 13.Nxe7 Qxe7 14.Bd5 Bxd5 15.exd5 Nd4 16.Re1 f5 
17.Bb2 f4 18.Bxd4 cxd4 19.Nxd4 Qg5 20.Ne6 Qh4 
21.Nxf8 Rxf8 22.f3 Rf5 23.Re4 Rh5 24.h3 Rg5 25.Kh1 
Qf2 26.Re2 Qg3 27.Qe1 1-0

[Event "HCL-E1527"]
[Site "www.playchess.de"]
[Date "2006.01.20"]
[Round "5"]
[White "Pijean"]
[Black "DarianTomb"]
[WhiteElo "1711"]
[BlackElo "1653"]
[PlyCount "56"]
[Result "0-1"]

1.d4 {good luck!}  Nf6 2.c4 e5 3.d5 Bb4+ 4.Bd2 
Bxd2+ 5.Nxd2 d6 6.e4 O-O 7.Ngf3 Na6 8.a3 Nc5 9.b4 
Ncxe4 10.Nxe4 Nxe4 11.Bd3 Nf6 12.Nd2 g6 13.O-O Nh5 
14.Be2 Nf4 15.Bg4 Bxg4 16.Qxg4 f5 17.Qf3 Qg5 
18.Rfe1 Nxg2 19.Qxg2 Qxd2 20.Kh1 a5 21.Red1 Qf4 
22.b5 Qxc4 23.Rdc1 Qxb5 24.Rxc7 Rac8 25.Re7 Rf7 
26.Rxf7 Kxf7 27.Qh3 Qxd5+ 28.f3 
h5 0-1

[Event "HCL-E1538"]
[Site "www.playchess.de"]
[Date "2006.01.20"]
[Round "5"]
[White "puddschini"]
[Black "Loulou"]
[WhiteElo "2031"]
[BlackElo "1461"]
[PlyCount "43"]
[Result "1-0"]

1.d4 {enjoy the game}  Nf6 {thx. happy new year}  
2.c4 e5 3.dxe5 Ng4 4.Nf3 Bc5 5.e3 Nc6 6.Be2 O-O 
7.O-O Re8 8.Nc3 Ncxe5 9.b3 d6 10.Nxe5 Nxe5 11.Bb2 
Qh4 12.Nd5 Re6 13.g3 Qh3 14.Nf4 Qh6 15.Nxe6 Qxe6 
16.Bd4 Bxd4 17.exd4 Ng6 18.Bf3 c6 19.Re1 Qf6 
20.Re8+ Nf8 21.Qe2 a5 22.Re1 1-0

[Event "HCL-E1532"]
[Site "www.playchess.de"]
[Date "2006.01.20"]
[Round "5"]
[White "Loulou"]
[Black "GriG"]
[WhiteElo "1484"]
[BlackElo "1960"]
[PlyCount "40"]
[Result "0-1"]

1.e4 c5 2.Nf3 d6 3.d4 cxd4 4.Nxd4 Nf6 5.Nc3 a6 
6.Bg5 e6 7.f4 Qb6 8.Qd2 Qxb2 9.Rb1 Qa3 10.f5 Nc6 
11.fxe6 fxe6 12.Nxc6 bxc6 13.e5 dxe5 14.Bxf6 gxf6 
15.Ne4 Be7 16.Bc4 f5 17.Ng3 Qc5 18.Bb3 a5 19.Rf1 
a4 20.Bxe6 Bxe6 0-1

[Event "HCL-B3836"]
[Site "www.playchess.de"]
[Date "2006.01.20"]
[Round "4"]
[White "PhilipKaveny"]
[Black "sundfar"]
[WhiteElo "1353"]
[BlackElo "1310"]
[PlyCount "96"]
[Result "0-1"]

1.e4 e5 2.f4 exf4 3.Nf3 Bc5 4.d4 Bb6 5.Bc4 d6 
6.Bxf4 Bg4 7.O-O Nc6 8.c3 Qd7 9.h3 Bh5 10.b4 O-O-O 
11.a4 a6 12.b5 Na5 13.bxa6 Nxc4 14.axb7+ Kxb7 
15.Qb3 Na5 16.Qd5+ Qc6 17.Qxh5 g6 18.Qd5 Ne7 
19.Qxc6+ Nexc6 20.Kh1 Rhe8 21.Nbd2 f6 22.Rab1 d5 
23.exd5 Rxd5 24.c4 Rf5 25.Bg3 Kc8 26.c5 Ba7 27.Be1 
Re2 28.Nb3 Nxb3 29.Rxb3 Nxd4 30.Rb1 Nxf3 31.Rxf3 
Rxf3 32.gxf3 Ra2 33.c6 Rxa4 34.Bb4 Ra6 35.Re1 Rxc6 
36.Re8+ Kb7 37.Re7 Rc1+ 38.Kg2 h5 39.Bd6 h4 40.f4 
Kc8 41.Ba3 Bc5 42.Bxc5 Rxc5 43.Rg7 g5 44.fxg5 
Rxg5+ 45.Rxg5 {Yes you give me tiny chances}  fxg5 
{difficult now, your mistake was 28. Nb3, it 
opened the game.}  46.Kf3 {Yes but at the time I 
thought I had you busted}  c5 47.Kg4 c4 48.Kxg5 {I 
will Look at the game later and see where I went 
wrong}  c3 0-1

[Event "HCL-A2563"]
[Site "www.playchess.de"]
[Date "2006.01.20"]
[Round "9"]
[White "hal1958"]
[Black "Andy1"]
[WhiteElo "1448"]
[BlackElo "1475"]
[PlyCount "78"]
[Result "1/2-1/2"]

1.e4 {welcome to a new game}  d5 2.exd5 Nf6 3.d4 
Nxd5 4.Nf3 Bg4 5.Be2 e6 6.O-O Bd6 7.c4 Nf6 8.c5 
Be7 9.Nc3 c6 10.b4 O-O 11.Be3 b6 12.a4 Nbd7 13.h3 
Bf5 14.Bd3 Bxd3 15.Qxd3 a5 16.bxa5 bxa5 17.Rab1 
Nxc5 18.Qc2 Na6 19.Na2 Qd7 20.Ne5 Qc7 21.Qxc6 Qxc6 
22.Nxc6 Bd6 23.Nxa5 Nd5 24.Nc4 Be7 25.Rfc1 Nac7 
26.Nc3 Nxc3 27.Rxc3 Nd5 28.Rcc1 Nxe3 29.fxe3 Rxa4 
30.Ne5 Bg5 31.Rce1 Ra3 32.Kf2 g6 33.Nc4 Rc3 34.Nd6 
Bh4+ 35.g3 Rc2+ 36.Kf3 Be7 37.Ne4 f5 38.Nf2 Rfc8 
39.Re2 Rxe2 {(offering draw)}  1/2-1/2

[Event "HCL-B3756"]
[Site "www.playchess.de"]
[Date "2006.01.20"]
[Round "9"]
[White "unclcarle"]
[Black "nichju"]
[WhiteElo "1099"]
[BlackElo "884"]
[PlyCount "57"]
[Result "1-0"]

1.e4 {Greetings from NYC}  e5 2.Nf3 Nc6 3.Bb5 Nf6 
4.O-O Bc5 5.h3 a6 6.Bxc6 dxc6 7.c3 Nxe4 8.Kh2 Bxf2 
9.d3 Bg3+ 10.Kg1 Nc5 11.d4 Ne4 12.Be3 exd4 13.cxd4 
g5 14.Qe2 Be6 15.Nc3 f5 16.Nxe4 fxe4 17.Nxg5 Rg8 
18.Nxe6 Qd6 19.Qh5+ Rg6 20.Rf6 Bh2+ 21.Kh1 Ke7 
22.Nxc7 Rxf6 23.Nxa8 Ke6 24.Qxh7 Qb4 25.Qxe4+ Kf7 
26.Kxh2 Qd6+ 27.Qe5 Qd8 28.Bg5 Qd6 
29.Bxf6 1-0

[Event "HCL-B3830"]
[Site "www.playchess.de"]
[Date "2006.01.20"]
[Round "5"]
[White "nichju"]
[Black "cheloveck"]
[WhiteElo "998"]
[BlackElo "1187"]
[PlyCount "78"]
[Result "0-1"]

1.e4 {Hi, nice to meet you}  e6 2.d4 a6 3.e5 d6 
4.Nf3 dxe5 5.dxe5 Qxd1+ 6.Kxd1 Nc6 7.Nc3 Bc5 8.Bc4 
Nge7 9.Bg5 Ng6 10.Be3 Bxe3 11.fxe3 O-O 12.h4 h6 
13.h5 Ngxe5 14.Nxe5 Nxe5 15.Bb3 Ng4 16.Ke2 b5 
17.Rh4 Nf6 18.g4 c5 19.e4 c4 20.e5 Nd5 21.Nxd5 
exd5 22.Rf1 cxb3 23.cxb3 Be6 24.a4 Rfe8 25.Rg1 Kh7 
26.g5 bxa4 27.g6+ Kh8 28.Rf4 fxg6 29.hxg6 axb3 
30.Rh1 a5 31.Rfh4 Bf5 32.R4xh6+ gxh6 33.Rxh6+ Kg7 
34.Rh7+ Kxg6 35.Rd7 Rxe5+ 36.Kf3 Bxd7 37.Kf4 Re4+ 
38.Kg3 Rf8 39.Kg2 Rg4+ 0-1

[Event "HCL-A2563"]
[Site "www.playchess.de"]
[Date "2006.01.20"]
[Round "7"]
[White "hal1958"]
[Black "farov"]
[WhiteElo "1448"]
[BlackElo "1700"]
[PlyCount "33"]
[Result "1-0"]

1.b4 {have a nice game}  e5 2.Bb2 e4 3.e3 Bxb4 
4.Bxg7 Qg5 5.Bxh8 f6 6.Nh3 Qg6 7.Nf4 Qf7 8.c3 Be7 
9.Qh5 d6 10.Bc4 Qxh5 11.Nxh5 c6 12.Bxg8 d5 13.Bxh7 
Be6 14.Bxf6 Nd7 15.Bxe7 Kxe7 16.Nf4 Rh8 
17.Ng6+ 1-0

[Event "HCL-C3968"]
[Site "www.playchess.de"]
[Date "2006.01.20"]
[Round "8"]
[White "tusnelda"]
[Black "borank"]
[WhiteElo "1112"]
[BlackElo "800"]
[PlyCount "41"]
[Result "1-0"]

1.e4 c5 2.Bc4 e6 3.c3 d5 4.exd5 exd5 5.Bb5+ Nc6 
6.Nf3 Bd6 7.d3 Nge7 8.Bg5 O-O 9.O-O Qb6 10.Qb3 Na5 
11.Qa4 a6 12.Bxe7 Bxe7 13.b4 axb5 14.Qd1 cxb4 
15.cxb4 Bxb4 16.Qc2 Bg4 17.Nbd2 Rac8 18.Qd1 Qg6 
19.Kh1 Bc3 20.Rb1 Rcb8 21.Rxb5 1-0

[Event "HCL-B3623"]
[Site "www.playchess.de"]
[Date "2006.01.20"]
[Round "6"]
[White "Concrete_Pluto"]
[Black "archship"]
[WhiteElo "1151"]
[BlackElo "1210"]
[PlyCount "126"]
[Result "0-1"]

1.d4 Nf6 2.Nc3 e6 3.a3 d5 4.Nf3 Nc6 5.Bg5 h6 
6.Bxf6 Qxf6 7.e3 Bd6 8.Nb5 Qe7 9.Nxd6+ Qxd6 10.Bb5 
a6 11.Bxc6+ bxc6 12.Qe2 c5 13.O-O-O cxd4 14.exd4 
O-O 15.h4 a5 16.g4 Ba6 17.Qe5 Qxe5 18.Nxe5 Bb7 
19.g5 h5 20.f4 g6 21.Rh3 a4 22.c4 dxc4 23.Nxc4 f6 
24.gxf6 Rxf6 25.Ne5 Kg7 26.Rg3 Bd5 27.Rdg1 Be4 
28.Kd2 Bf5 29.Ke3 Rb8 30.Nd7 Rb3+ 31.Kf2 Rxb2+ 
32.Kf3 Bg4+ 33.Ke3 Rb3+ 34.Ke4 Rxg3 35.Rxg3 Bf5+ 
36.Ke5 Rf7 37.Nc5 Bg4 38.Nxe6+ Bxe6 39.Kxe6 Rxf4 
40.d5 Rxh4 41.Kd7 Rd4 42.Kxc7 Rxd5 43.Kc6 Rf5 
44.Rc3 Kf6 45.Kb6 Rf4 46.Kb5 Kf5 47.Rc4 Rxc4 
48.Kxc4 h4 49.Kb4 h3 50.Kxa4 h2 51.Kb5 h1Q 52.a4 
Qd5+ 53.Kb4 Ke4 54.a5 Kd4 55.a6 Qc5+ 56.Kb3 Qb5+ 
57.Kc2 Qxa6 58.Kb3 Qc4+ 59.Kb2 Kd3 60.Kb1 Kd2 
61.Kb2 Qb5+ 62.Ka3 Kc2 63.Ka2 Qa5+ 0-1

[Event "HCL-B3685"]
[Site "www.playchess.de"]
[Date "2006.01.20"]
[Round "6"]
[White "matthew"]
[Black "jpv"]
[WhiteElo "1337"]
[BlackElo "1236"]
[PlyCount "118"]
[Result "1/2-1/2"]

1.e4 {yo}  c5 {hello and good luck :)}  2.Nf3 Nc6 
3.Bb5 Nf6 4.d3 e6 5.Nc3 d5 6.exd5 exd5 7.Qe2+ Be7 
8.Bf4 O-O 9.O-O-O Qd7 10.Rde1 d4 11.Bxc6 Qxc6 
12.Qxe7 dxc3 13.bxc3 Nd5 14.Qe5 Bg4 15.h3 Bxf3 
16.gxf3 Rae8 17.Qg5 Nxf4 18.Qxf4 Qd5 19.Kb2 Re6 
20.Rxe6 Qxe6 21.Qe4 Qxe4 22.fxe4 f5 23.e5 Kf7 
24.Re1 Ke6 25.f4 Rd8 26.Rg1 g6 27.Kb3 b5 28.Rd1 a5 
29.a3 a4+ 30.Kb2 h6 31.Rg1 Rg8 32.h4 g5 33.hxg5 
hxg5 34.Rxg5 Rxg5 35.fxg5 Kxe5 36.Kc1 f4 37.Kd1 
Kf5 38.Ke2 Kxg5 39.Kf3 Kf5 40.d4 cxd4 41.cxd4 Ke6 
42.Kxf4 Kd5 43.Ke3 Kd6 44.Kd3 Kd5 45.c3 Kd6 46.c4 
bxc4+ 47.Kxc4 Kc6 48.d5+ Kd6 49.Kb5 Kxd5 50.Kxa4 
Kc6 51.Kb4 Kb6 52.a4 Ka6 53.a5 Ka7 54.Kb5 Kb7 
55.a6+ Ka7 56.Ka5 Ka8 57.Kb6 Kb8 58.Ka5 Ka7 59.Kb5 
Ka8 {(offering draw)}  1/2-1/2

[Event "HCL-C4070"]
[Site "www.playchess.de"]
[Date "2006.01.20"]
[Round "8"]
[White "edi"]
[Black "IRONMAIDEN"]
[WhiteElo "800"]
[BlackElo "1382"]
[PlyCount "84"]
[Result "1/2-1/2"]

1.d4 d5 2.Nc3 Bf5 3.Nf3 Nc6 4.e3 e6 5.Bb5 Qd6 
6.Ne5 a6 7.Bxc6+ bxc6 8.O-O Nf6 9.Qf3 Be7 10.Qe2 
O-O 11.a4 Nd7 12.e4 dxe4 13.Qc4 Nxe5 14.dxe5 Qxe5 
15.Qxc6 Bd6 16.g3 Qf6 17.Be3 Be5 18.Rfd1 Bxc3 
19.bxc3 Rfc8 20.Rd7 e5 21.Qxf6 gxf6 22.Rd2 Rcd8 
23.Rad1 Rxd2 24.Rxd2 Kf8 25.a5 Ke7 26.Bc5+ Ke8 
27.Kf1 Rd8 28.Ke2 Bg4+ 29.Ke3 Rxd2 30.Kxd2 Kd7 
31.Ke3 Bf3 32.h4 h5 33.Bf8 f5 34.Bg7 Kd6 35.Kd2 
Kd5 36.Bf6 c5 37.Ke3 c4 38.Kd2 Kc5 39.Bd8 Kb5 
40.Bc7 Ka4 41.Kc1 Bg4 42.Kb2 Bf3 {(offering draw)} 
 1/2-1/2

[Event "HCL-E1459"]
[Site "www.playchess.de"]
[Date "2006.01.20"]
[Round "23"]
[White "PieceSeeker3"]
[Black "Glomp"]
[WhiteElo "1485"]
[BlackElo "1640"]
[PlyCount "93"]
[Result "1-0"]

1.e4 c5 2.Nf3 e6 3.c3 d5 4.e5 d4 5.cxd4 cxd4 
6.Qa4+ Nc6 7.Bb5 Bd7 8.O-O a6 9.Bxc6 Bxc6 10.Qxd4 
Bxf3 11.Qxd8+ Rxd8 12.gxf3 Rd3 13.f4 Bc5 14.Nc3 f5 
15.a3 Ne7 16.b4 Bd4 17.Rb1 Ng6 18.Ne2 Bb6 19.Rd1 
O-O 20.a4 Rc8 21.a5 Ba7 22.Bb2 Ne7 23.Nc1 Rf3 
24.d4 Rxf4 25.Nd3 Rg4+ 26.Kf1 Bxd4 27.Bxd4 Rxd4 
28.Nc5 Rxd1+ 29.Rxd1 Nc6 30.Nxe6 Nxe5 31.Rd8+ Rxd8 
32.Nxd8 Nd3 33.b5 axb5 34.Nxb7 Nb4 35.Nd6 g6 
36.Nxb5 Na6 37.Ke2 Kf7 38.Kd3 Ke6 39.f4 Kd5 40.Nd4 
Nc5+ 41.Kc3 Na6 42.h4 Ke4 43.Ne6 Kf3 44.Kc4 Kg4 
45.Kb5 Nb8 46.Kb6 Kxh4 47.Kb7 1-0

[Event "HCL-E1533"]
[Site "www.playchess.de"]
[Date "2006.01.20"]
[Round "25"]
[White "scylla"]
[Black "Matu"]
[WhiteElo "1461"]
[BlackElo "1553"]
[PlyCount "45"]
[Result "1-0"]

1.e4 c6 2.d4 d5 3.Nc3 dxe4 4.Nxe4 Nf6 5.Nxf6+ exf6 
6.Nf3 Bg4 7.c3 Bd6 8.Be2 Nd7 9.O-O O-O 10.h3 Bh5 
11.g4 Bg6 12.Nh4 Rc8 13.f4 Be4 14.Bd3 Bxd3 15.Qxd3 
Bb8 16.Rf2 Qc7 17.Nf5 Rfe8 18.Bd2 g6 19.Nh6+ Kg7 
20.g5 f5 21.h4 Nf8 22.d5 a6 23.Qd4+ 1-0

[Event "HCL-B3837"]
[Site "www.playchess.de"]
[Date "2006.01.20"]
[Round "3"]
[White "Felipe_Lungov"]
[Black "Skipper_Robert"]
[WhiteElo "1270"]
[BlackElo "1016"]
[PlyCount "89"]
[Result "1-0"]

1.d4 {hi, good game}  d5 {hello}  2.c4 dxc4 3.Nc3 
Be6 4.e4 a6 5.d5 Bd7 6.Bxc4 e6 7.Nf3 f6 8.dxe6 Bb5 
9.Qxd8+ Kxd8 10.Nxb5 axb5 11.Bxb5 Bb4+ 12.Bd2 
Bxd2+ 13.Kxd2 Ra5 14.Bc4 Ne7 15.Kc3 Kc8 16.Rhd1 
Re8 17.b4 Ra3+ 18.Kb2 Ra4 19.a3 Nbc6 20.Bb5 Ra7 
21.Bxc6 Nxc6 22.b5 Na5 23.Nd4 Nc4+ 24.Kb3 Na5+ 
25.Kb4 b6 26.Rac1 Kb7 27.Nc6 Nxc6+ 28.Rxc6 Kc8 
29.Rd7 g6 30.a4 h6 31.a5 bxa5+ 32.Ka4 Rxe6 
33.Rdxc7+ Rxc7 34.Rxe6 Rc2 35.Rxf6 Re2 36.Kxa5 
Rxe4 37.Ka6 Rh4 38.Rxg6 Rxh2 39.b6 Rh5 40.b7+ Kc7 
41.Rg7+ Kb8 42.Kb6 Rg5 43.Rxg5 hxg5 44.Ka6 g4 
45.g3 1-0

[Event "HCL-E1494"]
[Site "www.playchess.de"]
[Date "2006.01.20"]
[Round "8"]
[White "badplayer"]
[Black "gadnoto"]
[WhiteElo "1615"]
[BlackElo "1884"]
[PlyCount "118"]
[Result "1/2-1/2"]

1.Nf3 {Hi from Delhi}  d5 2.d4 Nf6 3.c3 g6 4.Nbd2 
Bg7 5.g3 O-O 6.Bg2 Nc6 7.O-O Re8 8.Re1 e5 9.dxe5 
Nxe5 10.Nxe5 Rxe5 11.Nf3 Re8 12.Bg5 Qd6 13.Bf4 Qb6 
14.Rb1 Ne4 15.Be3 Qa6 16.a3 c6 17.Nd2 Bf5 18.Nxe4 
Bxe4 19.Bxe4 Rxe4 20.Bd4 Bxd4 21.cxd4 Rae8 22.e3 
h5 23.Kg2 Qb6 24.Qd3 Qc7 25.b4 h4 26.Rb3 Qd7 27.f3 
h3+ 28.Kf2 Qf5 29.Rc3 R4e6 30.Qxf5 gxf5 31.f4 a6 
32.a4 Kg7 33.Kf3 Kf6 34.g4 fxg4+ 35.Kxg4 Rg8+ 
36.Kf3 Rg2 37.Re2 Rg1 38.b5 axb5 39.axb5 Kf5 
40.Rc5 Reg6 41.bxc6 bxc6 42.Rcc2 Rf1+ 43.Ref2 Re1 
44.Rce2 Rxe2 45.Rxe2 Ke6 46.Rf2 Rg1 47.Rc2 Kd6 
48.Rf2 f6 49.f5 Rg5 50.Kf4 Rg2 51.Kf3 {(offering 
draw)}  Rxf2+ 52.Kxf2 c5 53.dxc5+ Kxc5 54.Kg3 Kc4 
55.Kf4 Kd3 56.Kf3 Kd2 57.Kf2 Kd1 58.Kf1 Kd2 59.Kf2 
Kd3 {(offering draw)}  1/2-1/2

[Event "HCL-B3820"]
[Site "www.playchess.de"]
[Date "2006.01.20"]
[Round "21"]
[White "Saladin"]
[Black "Skipper_Robert"]
[WhiteElo "1379"]
[BlackElo "973"]
[PlyCount "85"]
[Result "1-0"]

1.e3 e5 2.d4 e4 3.g3 d5 4.h3 Nf6 5.c3 Nc6 6.Ne2 
Bd6 7.Nf4 Qe7 8.Qb3 Bxf4 9.gxf4 h6 10.Na3 a6 11.c4 
dxc4 12.Nxc4 O-O 13.Ne5 Nxe5 14.fxe5 Nd7 15.Qc3 c6 
16.Bg2 f5 17.b3 Qg5 18.Qc4+ Kh7 19.Rg1 Qe7 20.a4 
Nb6 21.Qc3 Nd5 22.Qd2 Be6 23.Ba3 Qe8 24.Bxf8 Qxf8 
25.Rb1 Nb4 26.Bf1 f4 27.exf4 Nd5 28.Bc4 Bxh3 
29.Bxd5 cxd5 30.Rg3 Bf5 31.Qa5 Rc8 32.Qxd5 Qb4+ 
33.Kf1 e3 34.Qf7 Rg8 35.Qxf5+ Kh8 36.Rxe3 Rf8 
37.Qg4 g5 38.fxg5 Qd2 39.Re2 Qd3 40.gxh6 Qxb1+ 
41.Re1 Qd3+ 42.Re2 Qxb3 43.Qg7+ 1-0